000 00962nas a2200301 i 4500
001 1415
003 ES-MaACL
005 20250724062543.0
007 t|
008 950801d19481953pe b| p | ||pa d
022 _a1017-0162
080 _a85
080 _a008(85)
080 _a308(85)
245 0 0 _aMar del sur
_b: revista peruana de cultura /
_cdirector, Aurelio Miró Quesada S.
260 _aLima :
_b[s. n.],
_c1948- (
_fP. L. Villanueva)
300 _a5 v. ;
_c25 cm.
310 _aBimestral
362 1 _aV. 1, n. 1 (sept.-oct. 1948)-
362 1 _aCesó con: v. 10, n. 30 (nov.-dic. 1953)
594 _aComité de Redacción: Luis Jaime Cisneros, Percy Gigson P., Francisco Miró Quesada C., Manuel Solari Swayne, Alberto Tauro.
650 7 _aCultura
_2embne
_9170963
651 4 _aPerú.
_9137310
700 1 _aMiró Quesada S., Aurelio.
_981623
852 _aES-MaACL
_jHem-790
866 0 _o1948-51(1952).
999 _c1415
_d1415